<?xml version="1.0" encoding="UTF-8"?>
<record
    xmlns:xsi="http://www.w3.org/2001/XMLSchema-instance"
    xsi:schemaLocation="http://www.loc.gov/MARC21/slim http://www.loc.gov/standards/marcxml/schema/MARC21slim.xsd"
    xmlns="http://www.loc.gov/MARC21/slim">

  <leader>00901nam a2200217 a 4500</leader>
  <controlfield tag="001">BRCA_2237</controlfield>
  <controlfield tag="005">20190320203726.0</controlfield>
  <controlfield tag="008">891026s1988    mx-a---###---l000-0#spa-#</controlfield>
  <datafield tag="020" ind1=" " ind2=" ">
    <subfield code="a">9687009160</subfield>
  </datafield>
  <datafield tag="040" ind1=" " ind2=" ">
    <subfield code="a">DLC</subfield>
    <subfield code="c">DLC</subfield>
    <subfield code="d">DLC</subfield>
  </datafield>
  <datafield tag="050" ind1=" " ind2="4">
    <subfield code="a">F1391.G8</subfield>
    <subfield code="b">.G83 1988</subfield>
  </datafield>
  <datafield tag="245" ind1="1" ind2="0">
    <subfield code="a">Guadalajara</subfield>
    <subfield code="b">la perla del occidente de M&#xE9;xico</subfield>
    <subfield code="c">textos Jos&#xE9; Luis Mart&#xED;nez, Guillermo Garc&#xED;a Oropeza ; fotograf&#xED;as Ignacio Urquiza.</subfield>
  </datafield>
  <datafield tag="260" ind1=" " ind2=" ">
    <subfield code="a">M&#xE9;xico</subfield>
    <subfield code="b">Ayuntamiento de Guadalajara : Direcci&#xF3;n Regional Guadalajara : Fomento Cultural Banamex</subfield>
    <subfield code="c">1988</subfield>
  </datafield>
  <datafield tag="300" ind1=" " ind2=" ">
    <subfield code="a">141 p., [102] p. de l&#xE1;minas</subfield>
    <subfield code="b">il. a color</subfield>
    <subfield code="c">31 cm.</subfield>
  </datafield>
  <datafield tag="651" ind1=" " ind2="4">
    <subfield code="a">Guadalajara</subfield>
    <subfield code="x">Descripci&#xF3;n y viajes.</subfield>
    <subfield code="z">Jalisco (M&#xE9;xico)</subfield>
    <subfield code="9">6722</subfield>
  </datafield>
  <datafield tag="651" ind1=" " ind2="4">
    <subfield code="a">Guadalajara</subfield>
    <subfield code="x">Trabajos ilustrados.</subfield>
    <subfield code="z">Jalisco (M&#xE9;xico)</subfield>
    <subfield code="9">6723</subfield>
  </datafield>
  <datafield tag="700" ind1="1" ind2=" ">
    <subfield code="a">Mart&#xED;nez, Jos&#xE9; Luis</subfield>
    <subfield code="d">1918-</subfield>
    <subfield code="9">6724</subfield>
  </datafield>
  <datafield tag="700" ind1="1" ind2=" ">
    <subfield code="a">Garc&#xED;a Oropeza, Guillermo</subfield>
    <subfield code="9">5665</subfield>
  </datafield>
  <datafield tag="700" ind1="1" ind2=" ">
    <subfield code="a">Urquiza, Ignacio</subfield>
    <subfield code="9">6725</subfield>
  </datafield>
  <datafield tag="942" ind1=" " ind2=" ">
    <subfield code="2">lcc</subfield>
    <subfield code="c">B</subfield>
  </datafield>
  <datafield tag="999" ind1=" " ind2=" ">
    <subfield code="c">1988</subfield>
    <subfield code="d">1988</subfield>
  </datafield>
  <datafield tag="952" ind1=" " ind2=" ">
    <subfield code="0">0</subfield>
    <subfield code="1">0</subfield>
    <subfield code="4">0</subfield>
    <subfield code="7">0</subfield>
    <subfield code="a">BRCA</subfield>
    <subfield code="b">BRCA</subfield>
    <subfield code="d">2008-08-14</subfield>
    <subfield code="l">0</subfield>
    <subfield code="o">F1391.G8 .G83 1988</subfield>
    <subfield code="p">02286</subfield>
    <subfield code="r">2019-03-22 00:00:00</subfield>
    <subfield code="w">2019-03-22</subfield>
    <subfield code="y">B</subfield>
  </datafield>
</record>
